Demolácia našej demokracie od Havla po Šimečku

Bibliographic Details
Main Author: Murín, Gustáv, 1959- (Author)
Other Authors: Vadovič, Igor (Bookjacket designer)
Format: Book
Language:Slovak
Published: Vysoké Tatry Torden 2024
Edition:Vydanie prvé
Subjects:

MARC

LEADER 00000cam a2200000 4500
001 vtls012266671
003 SK-MaSNL
005 20260302063430.0
008 241107s2024 xo oc grn 000 0 slo
015 |a SNBA2024/06 
020 |a 9788082232014  |q (viazané) 
040 |a SNK  |b slo  |c SNK  |e rda 
041 0 |a slo 
043 |a e-xo--- 
044 |a xo  |c SK 
072 7 |a 32  |x Politika  |2 konspekt 
080 |a 32-028.43  |2 2011 
080 |a 316.344.42:32  |2 2001 
080 |a 321.7+342.34  |2 2011 
080 |a 32-051  |2 2011 
080 |a (437.6)  |2 2011 
080 |a (0:82-4)  |2 2011 
100 1 |a Murín, Gustáv,  |d 1959-  |4 aut  |9 105033 
245 1 0 |a Demolácia našej demokracie  |b od Havla po Šimečku  |c Gustáv Murín 
246 1 |i Názov z tiráže:  |a Demolácie našej demokracie - od Havla po Šimečku 
250 |a Vydanie prvé 
264 1 |a Vysoké Tatry  |b Torden  |c 2024 
300 |a 423 strán  |b fotografie, portréty  |c 22 cm 
336 |a text  |b txt  |2 rdacontent 
337 |a bez média  |b n  |2 rdamedia 
338 |a zväzok  |b nc  |2 rdacarrier 
504 |a Obsahuje bibliografiu na strane 412-423 
600 1 7 |a Havel, Václav,  |d 1936-2011  |2 SNKMA  |9 151003 
600 1 7 |a Šimečka, Michal,  |d 1984-  |2 SNKMA  |9 230312 
650 0 7 |a kritika politiky  |2 SNKPH  |9 118865 
650 0 7 |a politické elity  |2 SNKPH  |9 4876 
650 0 7 |a demokracia  |2 SNKPH  |9 3564 
650 0 7 |a politici  |2 SNKPH  |9 2679 
650 0 7 |a názory a postoje  |2 SNKPH  |9 4303 
650 0 7 |a interpretácia dejín  |2 SNKPH  |9 182578 
650 0 7 |a Political criticism  |2 SNKPHeng  |9 120120 
650 0 7 |a Political elites  |2 SNKPHeng  |9 282667 
650 0 7 |a Politicians  |2 SNKPHeng  |9 281560 
650 0 7 |a Views and attitudes  |2 SNKPHeng  |9 306968 
650 0 7 |a interpretation of history  |2 SNKPHeng  |9 309872 
650 0 7 |a Democracy  |2 SNKPHeng  |9 3565 
651 7 |a Slovensko  |2 SNKPHgeo 
651 7 |a Slovakia  |2 SNKPHeng  |9 92630 
655 7 |a úvahy  |2 SNKPH  |9 29403 
655 7 |a Essays  |2 SNKPHeng  |9 267540 
700 1 |a Vadovič, Igor  |4 bjd  |9 511940 
700 1 |a Merva, Róbert,  |d 1972-  |4 bkd  |9 248354 
852 |a Slovenská národná knižnica 
919 |a 978-80-8223-201-4 
954 |a odborná, vedecká literatúra pôvodná (slovenská)  |2 lita 
958 |a NB 
958 |a SP 
999 |c 1132607  |d 1134537 
952 |a SNK  |b SNK  |y PREZ  |7 0  |p 17A1562249  |o snkSC 208686  |i snk2024/18144  |8 0  |0 0  |1 0  |4 0  |d 2024-12-05  |l 0  |r 2025-11-03 00:00:00  |w 2026-02-24 
952 |a SNK  |b SNK  |y VYP  |7 0  |p 17A1562250  |o snkSC 208686 D1  |i snk2024/18145  |8 0  |0 0  |1 0  |4 0  |d 2024-12-05  |l 1  |m 1  |r 2026-03-20 12:40:47  |s 2026-02-28  |w 2026-02-24